01673nam a2200397 a 4500001001200000003000800012006001900020007001500039008004100054010001700095020002500112020002200137020002500159020002200184020002700206040002100233035002100254043001200275050002600287100001800313245009700331260013900428300001400567504005100581505013100632533015200763650002600915650002800941651004200969651003001011651003201041651003001073655002901103710001701132856012601149ebr10480072CaPaEBRm u cr cn|||||||||090604s2009 enk sb 001 0 eng d z 2009278162 z9780745325194 (hbk.) z074532519X (hbk.) z9780745325187 (pbk.) z0745325181 (pbk.) z9781849643085 (e-book) aCaPaEBRcCaPaEBR a(OCoLC)654106672 aa-cc---14aDS777.55b.C54 2009eb1 aClegg, Jenny.10aChina's global strategyh[electronic resource] :btowards a multipolar world /cJenny Clegg. aLondon ;aNew York :bPluto Press ;aNew York :bDistributed in the United States of America exclusively by Palgrave Macmillan,c2009. ax, 278 p. aIncludes bibliographical references and index.0 apt. 1. The unipolar-multipolar dynamics -- pt. 2. China's development trajectory -- pt. 3. An international trial of strength. aElectronic reproduction.bPalo Alto, Calif. :cebrary,d2013.nAvailable via World Wide Web.nAccess may be limited to ebrary affiliated libraries. 0aGlobalizationzChina. 0aDemocratizationzChina. 0aChinaxPolitics and governmenty1949- 0aChinaxForeign relations. 0aChinaxEconomic conditions. 0aChinaxSocial conditions. 7aElectronic books.2local2 aebrary, Inc.40uhttp://site.ebrary.com/lib/rucke/Doc?id=10480072zAn electronic book accessible through the World Wide Web; click to view